| 000 | 00657nam a2200253Ia 4500 | ||
|---|---|---|---|
| 001 | 14515 | ||
| 005 | 20240113235539.0 | ||
| 007 | ta | ||
| 008 | 051123s1972 a g b000 u 465 u | ||
| 040 | _aCotton College Assam | ||
| 041 | _a465 | ||
| 082 |
_a590 _bM 896 T |
||
| 100 | _aMukerji, Durgadas . | ||
| 245 | 0 |
_aTextbook of Zoology: Vol. ll / _cDurgadas Mukerji. _hTextual Documents |
|
| 250 | _a5th ed. / | ||
| 260 |
_aCalcutta : _bThe New Book Stall , _c1972. |
||
| 300 |
_axiv,805p. : _bill ; _c23cm . |
||
| 504 | _aIndex | ||
| 653 | _aZoology | ||
| 653 | _aG-Zoology | ||
| 942 |
_2ddc _cBK |
||
| 999 |
_c14501 _d14501 |
||